|
|
|
|
| LEADER |
00000nab a2200000 a 4500 |
| 001 |
vtls000146950 |
| 003 |
SK-MaSNL |
| 005 |
20260304071625.0 |
| 008 |
250422c1982 xo 0 slo |
| 015 |
|
|
|a SNBRB19rr/mm-uuuuu
|
| 035 |
|
|
|a CL0157057
|
| 035 |
|
|
|a urn:nbn:sk:snk-ab2g5f
|
| 035 |
|
|
|a (urnnbn)urn:nbn:sk:snk:ar-a02dtr
|
| 035 |
|
|
|a (uuid)39f259cc-403e-403f-a848-40f0ede33f85
|
| 040 |
|
|
|a SNKBUCL
|b slo
|c SNKBUCL
|e AACR2
|
| 041 |
0 |
|
|a slo
|
| 044 |
|
|
|a xo
|c SK
|
| 080 |
|
|
|a 658.14.011.1
|2 1981
|
| 080 |
|
|
|a 334.722
|2 1981
|
| 100 |
1 |
|
|a Vlachynský, Karol,
|d 1929-
|4 aut
|9 253308
|
| 245 |
1 |
0 |
|a Finančné prognózovanie a projektovanie v kapitalistických podnikoch
|c Karol Vlachynský
|
| 300 |
|
|
|b Re. rus., lit. 4 zázn. v nem., angl.
|
| 650 |
0 |
7 |
|a podniky kapitalistické
|2 snkbucl
|9 1239437
|
| 650 |
0 |
7 |
|a podnikové financie
|2 snkbucl
|9 4308
|
| 655 |
|
7 |
|a články z novín a časopisov
|2 snkbucl
|9 267496
|
| 773 |
0 |
|
|t Ekonomické rozhľady
|g Roč. 15, č. 1 (1982), s. 94-106
|
| 850 |
|
|
|a Slovenská národná knižnica
|
| 852 |
|
|
|a Slovenská národná knižnica
|
| 954 |
|
|
|a odborná, vedecká literatúra pôvodná (slovenská)
|2 lita
|
| 958 |
|
|
|a article27
|
| 958 |
|
|
|a RK
|
| 958 |
|
|
|a OND
|
| 958 |
|
|
|a EUIPO
|
| 992 |
|
|
|a RBX
|
| 999 |
|
|
|c 2761246
|d 2763176
|